Az írott sajtó és az Internet
Elmentve itt :
| Szerző: | |
|---|---|
| További közreműködők: | |
| Dokumentumtípus: | Szakdolgozat |
| Megjelent: |
2003
|
| Tárgyszavak: | |
| Online Access: | http://diploma.bibl.u-szeged.hu/103944 |
| LEADER | 00567nta a2200169 i 4500 | ||
|---|---|---|---|
| 001 | dipl103944 | ||
| 005 | 20210121102846.0 | ||
| 008 | 210119s2003 hu om 0|| zxx d | ||
| 040 | |a SZTE Diploma Repozitórium |b hun | ||
| 041 | |a zxx | ||
| 100 | 1 | |a Boldizsár Katalin | |
| 245 | 1 | 3 | |a Az írott sajtó és az Internet |h [elektronikus dokumentum] / |c Katalin Boldizsár |
| 260 | |c 2003 | ||
| 650 | 4 | |a Társadalomtudomány | |
| 650 | 4 | |a Journalism | |
| 700 | 1 | |a Rigó Jázon |e ths | |
| 856 | 4 | 0 | |u http://diploma.bibl.u-szeged.hu/id/eprint/103944/1/2003_boldizsar_katalin.pdf |z Dokumentum-elérés |